Survival Guide to Midwifery (Record no. 3286)

MARC details
000 -LEADER
fixed length control field 00558nam a22002057a 4500
003 - CONTROL NUMBER IDENTIFIER
control field OSt
005 - DATE AND TIME OF LATEST TRANSACTION
control field 20160316181955.0
008 - FIXED-LENGTH DATA ELEMENTS--GENERAL INFORMATION
fixed length control field 160316b xxu||||| |||| 00| 0 eng d
020 ## - INTERNATIONAL STANDARD BOOK NUMBER
International Standard Book Number 9780702045868
040 ## - CATALOGING SOURCE
Transcribing agency DNLM
082 ## - DEWEY DECIMAL CLASSIFICATION NUMBER
Classification number WY157.3 F862s 2012
100 ## - MAIN ENTRY--PERSONAL NAME
Personal name Fraser, Diane; Cooper, Margaret A.
9 (RLIN) 7373
245 ## - TITLE STATEMENT
Title Survival Guide to Midwifery
250 ## - EDITION STATEMENT
Edition statement 2nd ed.
260 ## - PUBLICATION, DISTRIBUTION, ETC. (IMPRINT)
Place of publication, distribution, etc. Edinburgh; Churchill, 2012
300 ## - PHYSICAL DESCRIPTION
Extent xii,470p; col.ill: 19cm
504 ## - BIBLIOGRAPHY, ETC. NOTE
Bibliography, etc Appendices, glossary, & index included
650 ## - SUBJECT ADDED ENTRY--TOPICAL TERM
Topical term or geographic name as entry element Midwifery
9 (RLIN) 481
942 ## - ADDED ENTRY ELEMENTS (KOHA)
Source of classification or shelving scheme Other/Generic Classification Scheme
Koha item type Open Shelf
Holdings
Withdrawn status Lost status Source of classification or shelving scheme Damaged status Not for loan Home library Current library Date acquired Source of acquisition Inventory number Total Checkouts Full call number Barcode Date last seen Date last checked out Koha item type
    Other/Generic Classification Scheme     MUST Main Library MUST Main Library 16/03/2016   14/38739 2 WY157.3 F862s 2012 2016-0482 02/03/2021 21/02/2020 Open Shelf